Renaissance art: Pop-up book

Furkejuvvon:
Bibliográfalaš dieđut
Váldodahkkit: Farthing, Stephen (Dahkki), Hawcock, David (Dahkki)
Materiálatiipa: Girji
Giella:eaŋgalasgiella
Almmustuhtton: Nueva York Universe Publishing 2010
Fáttát:
Fáddágilkorat: Lasit fáddágilkoriid
Eai fáddágilkorat, Lasit vuosttaš fáddágilkora!

MARC

LEADER 00000cam a2200000 a 4500
001 UCE1248
003 CL-VaPUC
008 140407e20100000us |||||||||||||||||eng|d
020 |a 9780789324597 
082 0 4 |a 736.98  |b FAR  |2 21 
100 0 |a Farthing, Stephen  |e author  |9 573604 
700 0 |a Hawcock, David  |e author  |9 573605 
245 1 0 |a Renaissance art: Pop-up book 
300 |a pág. irreg 
942 |c BK 
945 |d 20140407 11:30:00  |a cmena 
260 |a Nueva York  |b Universe Publishing  |c 2010 
650 7 |a POP-UP  |2 CL-VaPUC  |9 573606 
650 7 |a TRABAJO EN PAPEL  |2 CL-VaPUC  |9 492958 
650 7 |a DISEÑO DE LIBROS  |2 CL-VaPUC  |9 573607 
650 0 |a Diseño gráfico  |9 266874 
650 7 |a DISEÑO TRIDIMENSIONAL  |2 CL-VaPUC  |9 573608 
650 0 |a Libros  |9 334511 
650 0 |a Arte renacentista   |9 264949 
583 |a last modification  |c 20151207 12:16:06  |k Rodrigo Vera 
999 |c 355104  |d 355102 
952 |0 0  |1 0  |3 erd  |4 0  |6 736_980000000000000_FAR_2010  |7 0  |8 F  |9 461486  |a BIBARQ  |b BIBARQ  |i 2109883  |l 9  |m 1  |o 736.98 FAR 2010  |p 2109883  |r 2025-03-19  |s 2025-03-19  |w 2019-11-23  |y BK_F  |z Catalogado en:20140407  |k ARQ